[Event "Kavala op 20th"]
[Site "Kavala"]
[Date "2011.08.02"]
[Round "5"]
[White "Maiorov, Nikita"]
[Black "Atalik, Suat"]
[Result "1-0"]
[WhiteElo "2535"]
[BlackElo "2619"]
[Annotator "Atalik,S"]
[PlyCount "95"]
[EventDate "2011.07.30"]
[EventType "swiss"]
[EventRounds "9"]
[EventCountry "GRE"]
[SourceTitle "CBM 143 Extra"]
[Source "ChessBase"]
[SourceDate "2011.08.29"]
[SourceVersion "1"]
[SourceVersionDate "2011.08.29"]
[SourceQuality "1"]

1. d4 d5 2. c4 c6 3. cxd5 cxd5 4. Nf3 (4. Nc3 Nf6 5. Bf4 {In the time I have
played this opening I was fond of this version.} Nc6 (5... Qb6 6. Qd2 $5 Nc6 7.
e3 Bf5 8. f3 $5 e6 9. Rc1 Bb4 10. h4 h5 11. a3 $13) 6. e3 e6 {These days I am
crazy for this.} (6... Bg4 7. f3 Bd7 (7... Bh5 $6 8. Qb3) 8. Bd3 e6 9. Bg5 $36)
(6... Bf5 7. Rc1 $5 Rc8 8. Nf3 e6 9. Qb3 Bb4 $132) (6... a6 7. Rc1 $5 Bf5 8.
Nf3 e6 9. Qb3 Bd6 $5 10. Bxd6 Qxd6 11. Qxb7 O-O 12. Na4 Nb4 13. Qc7 (13. Ne5
Rab8 14. Qc7 Nc2+ 15. Rxc2 Qb4+ 16. Rc3 Qxa4 17. Bd3 Rxb2 18. Bxf5 exf5 19. O-O
Qxa2 $13) 13... Qxc7 14. Rxc7 Rac8 15. Rxc8 Rxc8 16. Nc5 Rb8 17. b3 Nxa2 18.
Ne5 Nc1 19. Bxa6 Nxb3 20. O-O Ne4 $11 {is too close.}) 7. Bd3 Be7 (7... Bd6 $5
8. Bxd6 (8. Bg3 O-O 9. Nf3 b6 10. Rc1 Bb7 11. O-O Bxg3 12. hxg3 Qe7 13. Qa4
Rfc8 $11) (8. Nf3 Bxf4 9. exf4 Qd6 10. Qd2 Bd7 11. O-O O-O 12. Rac1 Rfc8 13.
Rfe1 a6 14. Ne2 Ne7 $11) 8... Qxd6 9. f4 (9. Nf3 O-O 10. O-O Bd7 11. Rc1 Rfc8
12. Qe2 Be8 $11) 9... O-O 10. Nf3 Nb4 $5 11. Bb1 b6 12. a3 Nc6 13. Bd3 Bb7 14.
O-O Ne7 $132) 8. Rc1 (8. h3 O-O 9. Nf3 Nb4 $5 10. Bb1 Bd7 11. O-O Rc8 12. Ne5 (
12. a3 Nc6) 12... Nc6 13. Qd3 g6 14. Bh6 Re8 15. f4 Nh5 $132) 8... O-O 9. h3
Bd7 10. Nf3 Qb6 11. Qe2 Rfc8 12. O-O Be8 13. Ne5 Qd8 $11) 4... Nc6 5. Nc3 Nf6
6. Bf4 {Although I have never been fond of this version, GM Maiorov is a
specialist in it.} Bf5 $5 {I have started to despise this line with the bishop
sortie.} (6... e6 7. e3 Bd6 (7... Be7 8. Bd3 O-O 9. Rc1 Bd7 10. Ne5 Nxe5 11.
Bxe5 Qa5 12. O-O Rfc8) 8. Bxd6 Qxd6 9. Bd3 O-O {are the Classical wa to deal
with the problems.}) (6... a6 7. Ne5 e6 8. e3 Nxe5 9. Bxe5 Bd6 {is my game
with IM Frendzas from the mid 90's.}) 7. e3 e6 8. Qb3 Bb4 9. Ne5 Qb6 $1 {
considered to be the best.} 10. Nxc6 bxc6 11. Be2 Ne4 (11... O-O 12. O-O Bxc3
13. Qxc3 (13. bxc3 c5) 13... g5 14. Bg3 Ne4 15. Qa3 a5 $132) 12. f3 Nxc3 13.
bxc3 Be7 14. c4 Qxb3 {The common move!} (14... c5 $6 15. cxd5 Qxb3 16. axb3
exd5 17. Bb5+ Bd7 18. Ba6 Bc8 19. Bxc8 Rxc8 20. O-O $16) (14... dxc4 15. Bxc4
O-O 16. O-O $16) (14... g5 $142 $5 15. Bg3 h5 16. c5 Qxb3 17. axb3 h4 18. Bf2
Kd7 19. Kd2 a5 20. Ra3 Bd8 21. Bd3 Bxd3 22. Kxd3 Rb8 $132) 15. axb3 Bb4+ 16.
Kf2 a5 17. Ra2 (17. Bc7 Kd7 18. Bb6 Bc2 19. Bd1 Bxd1 20. Rhxd1 dxc4 21. bxc4 a4
22. Rdb1 Be7 $132) 17... Kd7 $6 {Somewhere around here} ({I had to play} 17...
h5 18. Rc1 Kd7 19. cxd5 exd5 $13) 18. Rc1 Rhc8 $6 ({I have missed the last
chance for.} 18... h5 $142) 19. g4 $1 Bg6 20. h4 h6 (20... h5 21. gxh5 Bxh5 22.
Bd3 $14) 21. c5 Rh8 22. Bf1 (22. h5 Bh7) 22... h5 23. g5 f6 24. Bh3 Ke7 25. Ke2
(25. Rg1 Rhg8 $132) (25. Bc7 Kf7 $132) 25... Kf7 26. Rg1 Rhe8 27. Bd6 $6 (27.
Bc7 Ra7 28. Bb6 Rb7 29. gxf6 gxf6 30. Kd1 Rg8 31. Rag2 Re7 32. Ke2 (32. Bd8
Ree8 33. Bc7 Bh7) 32... Bh7 33. Rxg8 Bxg8 $11 {and Black barely holds.}) 27...
Ra7 28. gxf6 gxf6 29. Kd1 Rg8 30. Rg3 $6 {His hesitant play in this part of
the game became hesitant.} (30. Rag2 a4 31. bxa4 Rxa4 32. Rxg6 Ra1+ $19) (30.
e4 $142 Raa8 31. exd5 exd5 32. Re2 Rae8 (32... Bc2+ $2 33. Kxc2 Rxg1 34. Bd7
Ra6 35. Re7+ Kg6 36. Be8+ Kf5 37. Rh7 $18) 33. Rxe8 Rxe8 34. Bd7 Re3 35. Bxc6
Rd3+ 36. Ke2 Rxd4 37. Rd1 Rxd1 38. Kxd1 Ke6 $11) 30... Raa8 ({If Black wants
he never risk losing with} 30... Bf5 $5 31. Rxg8 Kxg8 32. Bxf5 exf5 33. Rg2+
Rg7 34. Rxg7+ Kxg7 35. Ke2 Kf7 36. Kf2 Ke6 $11) 31. Ke2 {Draw offer.} (31. Rag2
Bh7 (31... a4 32. bxa4 Rxa4 33. Rxg6) 32. Rxg8 Bxg8) 31... Bb1 $2 {This cool
looking move did not accomplish much.} (31... Bc3 32. Kd1 Bd3 33. Rxg8 Rxg8 34.
Rg2 Ra8 35. Ra2 Bb1 $17) 32. Rb2 Rxg3 33. Bxg3 Bh7 $5 {I again had to bypass a
draw!} (33... Rg8 34. Rxb1 Rxg3 35. Rh1 Ke7 36. Kf2 Rg8 37. Rg1 Rxg1 38. Kxg1
Be1 39. Kf1 Bxh4 40. f4 Bg3 41. Ke2 $11 {and White may hold this one easily.})
34. Be1 $1 Bd3+ 35. Kd1 $2 {Running to the wrong side!} (35. Kf2 $1 Rb8 36.
Bxb4 Rxb4 37. Ra2 Rxb3 38. Rxa5 f5 39. Kg3 Rb2 40. Ra7+ Kf6 41. Rc7 Bb5 $11 {
and both sides hold their weaknesses.}) (35. Kxd3 Bxe1 $17 {is adifferent
story with the rooks over the board.}) 35... Rg8 $1 36. Bxb4 axb4 37. Ra2 f5 $1
38. Bg2 f4 $1 (38... Kf6 39. Ke1 f4 40. Kf2 $11) 39. exf4 Kf6 40. Ke1 Kf5 41.
Kf2 Kxf4 42. Ra7 Bf5 $5 $36 {I have achieved tops what I could have aimed for.}
({I was not so sure} 42... Bc2 43. Bh3 (43. Rf7+ Bf5 44. Ra7 Rf8)) ({of any of
these} 42... Rf8 43. Bh3 Bf5 44. Bxf5 exf5 45. Rh7 Ra8 46. Rxh5 Ra3 47. Rh6
Rxb3 48. Ke2 $1 Re3+ 49. Kd2 Kxf3 50. Rxc6 f4 51. Rb6 Ke4 52. Rxb4 f3 53. Rb8
Re2+ 54. Kd1 Ra2 55. Ke1 Kxd4 56. Rc8 $11 {rook endings.}) 43. Bf1 Rf8 (43...
Rg3 44. Bg2 Rg6 (44... Rg8) 45. Bf1 $11 {and no progress after all.}) 44. Ra4
$6 {He also errs with this!} (44. Ra6 Rc8 45. Rb6 Ra8 46. Ba6 Bh3 47. Rxc6 Rg8
48. Bf1 Bxf1 49. Kxf1 Rg3 50. Rxe6 Rxf3+ 51. Ke2 Rxb3 52. Kd2 Rc3 53. Rb6 Rc4
54. Kd3 Rc3+ $11) 44... Bc2 $1 {Possibly he missed} 45. Bh3 (45. Rxb4 Ra8 46.
Ra4 Rb8 $1 {this fancy line} (46... Rxa4 47. bxa4 Bxa4 48. Bd3 e5 (48... Bd1
49. Bb5) 49. dxe5 Kxe5 50. Bg6 Kd4 51. Bxh5 Bc2 52. Bf7 Kxc5 53. h5 Kd6 54. Bg6
Bxg6 55. hxg6 Ke6 56. f4 Kf6 57. f5 c5 $11) 47. Ra6 Rxb3 48. Be2 e5 49. dxe5
Rb2 50. Ke1 d4 $17) 45... Bxb3 $2 $138 {Starting point for my agony!} ({
The way to win was} 45... Bd1 $1 46. Bxe6 Bxf3 47. Rxb4 Re8 48. Rb7 Rxe6 49.
Rf7+ Ke4 50. Rxf3 Kxd4 51. Rf5 Kc3 $1 $19) ({Even} 45... e5 $5 46. Rxb4 e4 47.
fxe4 Kxe4+ 48. Kg1 (48. Ke2 $2 Bd3+) 48... Ke3 $40) 46. Rxb4 Bc4 47. Bxe6 (47.
Rb6 Ra8 48. Rxc6 Ra2+ 49. Ke1 e5 $3 {Line closing!} 50. dxe5 Ke3 $19) (47. Rb7
e5 48. dxe5 Kxe5 $17 {was giving fair chances.}) {I have blundered like a kid
with the obvious} 47... Re8 $4 (47... Ra8 48. Rb2 Ra3 49. Kg2 ({There was no
need for} 49. Bd7 $2 Bb5) 49... Rxf3 (49... Rd3 50. Bf7 Rxd4 51. Bxh5 Rd1 52.
Bg6 d4 53. h5 Bd5 54. h6 Bxf3+ 55. Kf2 Rh1 56. h7 Be4 57. Bxe4 Kxe4 58. Rb7 $11
) 50. Rf2 Rxf2+ 51. Kxf2 Ke4 52. Bf7 Kxd4 53. Bxh5 Kxc5 54. Bg6 Kd6 55. h5 Ke5
56. h6 Kf6 57. h7 Kg7 58. Ke3 c5 59. Bf5 d4+ 60. Kf4 $11) 48. Rb7 $1 {After
all I have walked into a checkmate in two.} (48. Rb7 $1 Rxe6 49. Rf7+) 1-0

[Event "Varna-18"]
[Site "Varna"]
[Date "1979.05.16"]
[Round "2"]
[White "Donchev, Dimitar I"]
[Black "Dobosz, Henryk"]
[Result "0-1"]
[WhiteElo "2400"]
[BlackElo "2380"]
[Annotator "Dobosz,H"]
[PlyCount "72"]
[EventDate "1979.05.15"]
[EventType "tourn"]
[EventRounds "13"]
[EventCountry "BUL"]
[EventCategory "5"]
[SourceTitle "EXT 2005"]
[Source "ChessBase"]
[SourceDate "2004.11.15"]
[SourceVersion "1"]
[SourceVersionDate "2004.11.15"]
[SourceQuality "1"]

{27/536} 1. c4 {Chess Informant} c6 2. d4 d5 3. cxd5 cxd5 4. Nc3 Nf6 5. Nf3 Nc6
6. Bf4 Bf5 7. e3 e6 8. Bb5 Nd7 9. Qa4 (9. O-O {Ue 27/(536)}) 9... Rc8 $5 10.
O-O (10. Bxc6 {Ue 27/(536)}) 10... a6 11. Be2 $6 (11. Bxc6 Rxc6 12. Rfc1 Be7 $5
13. Ne2 $1 Bd3 $2 14. Rxc6 Bb5 15. Qxb5 $3 $16 {Petrosian,T}) 11... Nb6 12. Qd1
Be7 13. Na4 $2 (13. Ne5 {Ue 27/(536)}) 13... Bc2 $1 14. Qxc2 Nxd4 15. Nxd4 (15.
Qd1 Nxe2+ 16. Qxe2 Nxa4 $17) 15... Rxc2 16. Nxb6 Rxe2 17. Nxd5 $1 Qxd5 $1 $17 (
17... Rd2 18. Nc7+ Kd7 19. Rfd1 $13) 18. Nxe2 O-O (18... f6 $5) 19. Nc3 Qa5 $1
20. Rfd1 Rd8 $1 21. Rxd8+ Qxd8 22. Rd1 Qc8 23. Be5 Qc6 24. h3 f6 $1 25. Bd4 $6
b5 $19 26. Rc1 e5 27. Ne2 Qd5 28. Bb6 Qxa2 29. Rc8+ Kf7 30. Nc3 Qxb2 31. Kh2
Qb3 $1 32. e4 Qe6 33. Rc7 Qxb6 34. Rxe7+ Kf8 35. Nd5 Qxf2 36. Rb7 h5 0-1

[Event "Olympiad-41"]
[Site "Tromsoe"]
[Date "2014.08.12"]
[Round "10.3"]
[White "Eljanov, Pavel"]
[Black "Mamedov, Rauf"]
[Result "1-0"]
[WhiteElo "2723"]
[BlackElo "2659"]
[Annotator "Eljanov,P"]
[PlyCount "57"]
[EventDate "2014.08.02"]
[EventType "team-swiss"]
[EventRounds "11"]
[EventCountry "NOR"]
[SourceTitle "CBM 162"]
[Source "ChessBase"]
[SourceDate "2014.09.17"]
[SourceVersion "1"]
[SourceVersionDate "2014.09.17"]
[SourceQuality "1"]
[WhiteTeam "Ukraine"]
[BlackTeam "Azerbaijan"]
[WhiteTeamCountry "UKR"]
[BlackTeamCountry "AZE"]

1. d4 d5 $5 {Usually Rauf plays the King's Indian but it's become obvious more
or less to everyone that a GM of 2650-2700 level should have something more
solid and safe. Especially in team competitions!} 2. c4 c6 3. cxd5 $5 {I was
told after the game by Rauf and Alexander Khalifman (captain of the Azerbaijan
team) that it was a huge surprise to them. Indeed I had played the Slav
Exchange just once before vs Kamsky in a rapid game.} cxd5 4. Bf4 Nc6 5. e3 Nf6
6. Nc3 Bf5 7. Rc1 $5 {A rather rare line. The main line is 7.Nf3 which is
considered harmless. But more topical nowadays is 7.Qb3.} Qb6 ({The main idea
of the subtle move Rc1 is revealed after} 7... e6 8. Qb3 {Now after Black has
closed the c8-h3 diagonal the main defensive resource ...Na5 is simply
impossible. So Black should stick to} Qb6 (8... Na5 $2 9. Qb5+ Nd7 10. Nxd5 $16
) ({or} 8... Bb4 9. a3 Bxc3+ 10. Rxc3 {it's not that bad for Black but with
two bishops White has an easy game as well}) 9. Qxb6 axb6 10. Bb5 {This
engdame is just more pleasant for White but Kramnik didn't manage to convert
it:} Be7 11. f3 (11. Nf3 $5 $14) 11... O-O 12. a3 Rfc8 13. Nge2 Na5 14. Na4
Rxc1+ 15. Nxc1 Nc4 16. Bxc4 dxc4 17. Nxb6 Ra6 18. Nxc4 Nd5 19. Ne5 Rb6 20. Ned3
Bxd3 21. Nxd3 Bxa3 22. Bg3 Bxb2 23. Ke2 Rc6 24. Bf2 Rc2+ 25. Kd1 Rxf2 26. Nxf2
{1/2 (26) Kramnik,V (2784)-Aronian,L (2805) Wijk aan Zee 2011}) ({Maybe the
main line nowadays is} 7... a6 8. Nf3 e6 9. Qb3 Ra7 10. Be2 ({After} 10. Ne5 {
the game of my great compatriot became well known} Nxe5 11. Bxe5 Nd7 12. Bg3
Be7 13. Qd1 O-O 14. Bd3 {1/2 (14) Ivanchuk,V (2758)-Le Quang, L (2705) Caleta
2013. Not because of its content of course but thanks to after the game talks.
There were a 30-moves rule which forbade draw offers. Wise organisers decided
to not punish players but to hold a master-class of Vassily instead.}) 10...
Be7 11. O-O O-O 12. Na4 Nd7 13. a3 {1-0 (65) Dreev,A (2694)-Harikrishna,P 
(2673) Khanty-Mansiysk 2005. White has some pressure here and managed to
convert it.}) 8. Bb5 e6 9. Nf3 Bb4 $6 {It doesn't looks like it at first sight
but I think it's already a serious inaccuracy.} ({A safer way is} 9... Be7 10.
Ne5 O-O 11. Bxc6 bxc6 12. O-O Qxb2 13. g4 Bg6 14. Na4 Qb5 15. Qb3 {The Serbian
grandmaster played this part of the game very well and managed to consolidate
his small plus into a stable endgame advantage.} Qxb3 16. axb3 Rfc8 17. f3 Ne8
(17... h5 $5) 18. Rxc6 Bf8 19. Rfc1 Rxc6 20. Rxc6 Bb1 21. Nc5 Bxc5 22. Rxc5 f6
23. Nc6 a6 $14 {, but was unable to break through the defence of the well
known Chinese defender in 1/2 (34) Ivanisevic,I (2633)-Wang,Y (2696) Al Ain
2012.}) 10. O-O Bxc3 (10... O-O 11. Bxc6 Qxc6 12. Ne5 Qa6 13. g4 Bg6 14. h4 h6
15. Nxg6 fxg6 16. f3 $14) 11. Bxc6+ bxc6 12. bxc3 ({The engine also likes} 12.
Rxc3 {but I think this position is too tame and drawish} Qxb2 13. Qa1 Qxa1 14.
Rxa1 O-O 15. Rac1 Rfc8 16. Rxc6 Rxc6 17. Rxc6 Ne4 {and it should be draw.})
12... O-O (12... Qa6 {it was a bit more precise (prevent the extra possibility
13.Nh4)} 13. Ne5 (13. Bd6 Bd3 14. Re1 Ne4 15. Bb4 f6 $132) 13... h6 14. c4 O-O
{but after} 15. h4 $1 Bh7 16. a4 Rfc8 17. g4 $1 $36 {White has a strong
initiative anyway.}) (12... h6 13. Bd6 $36) 13. Ne5 ({I realised during the
game that after} 13. Nh4 $5 {White should have a pleasant edge but I wanted to
play for more} c5 (13... Bg6 14. Nxg6 hxg6 15. c4 $14) 14. Nxf5 exf5 15. Be5 $5
Nd7 16. dxc5 Qxc5 17. Bd4 $14) 13... Qa6 $2 {But this is a clear mistake.} ({
As we already know} 13... h6 14. c4 Qa6 (14... Rfc8 15. g4 Bh7 16. h4 Qd8 17.
g5 Nd7 18. Nxd7 hxg5 19. hxg5 Qxd7 20. Kg2 $40) 15. h4 $1 {White has an
initiative but it was the lesser evil.}) 14. g4 Bg6 15. h4 h6 16. Nxg6 (16. g5
$5 Nh5 17. Bh2 Kh7 18. a4 $16) 16... fxg6 17. f3 $16 {Now it's just a
strategically bad position which is very unpleasant to defend.} h5 (17... Nd7 {
was probably more stubborn:} 18. Qc2 Rf6 19. c4 Rc8 {looks bad for Black but
not losing immediately.}) 18. Qc2 Kh7 (18... hxg4 19. Qxg6 Qc8 (19... gxf3 20.
Rxf3 Ne4 21. Be5 Qb7 22. Qxe6+ Kh7 23. Rcf1 $16) 20. fxg4 e5 21. Bxe5 Qxg4+ 22.
Qxg4 Nxg4 23. Rxf8+ Kxf8 24. Bf4 Re8 25. Re1 $16) 19. Bd6 $1 {This was the key
move which decided the game. I think I spent about 20 minutes to calculate
different options and realised that the move in the game is the only decisive
one.} (19. gxh5 Nxh5 20. Be5 Rf5 21. Kh2 Qb7 22. e4 Rxe5 $1 23. dxe5 Qe7 $44) (
19. Rf2 hxg4 20. h5 Nxh5 21. Rh2 Kg8 22. Qxg6 Nxf4 23. exf4 Rf6 $1 24. Qh7+ Kf7
25. fxg4 Qa3 $1 26. Qh5+ Ke7 $132) 19... Rf7 (19... Rfe8 20. gxh5 Nxh5 21. Rf2
$18) (19... Rfd8 20. Be5 Rf8 21. Rf2 hxg4 22. h5 $18) 20. Rf2 $1 {The main
point is that my main idea ...hxg4 h5! is fully correct in all lines already
as my bishop on f4 is not under attack anymore.} Rd7 (20... Qa5 21. Rg2 hxg4
22. h5 $1 Kg8 23. hxg6 Rd7 24. Bb4 Qd8 25. Rf1 $18) (20... Qc8 21. Rg2 hxg4 22.
h5 $18) (20... hxg4 21. h5 $1 Nxh5 22. Rh2 $18) 21. Be5 Rf8 {Black has managed
to defend against my main idea but now I have different options and a pleasant
choice.} 22. Bxf6 {I decided to make the transition to the technical phase of
the game with an extra pawn.} (22. Rg2 $2 hxg4 23. h5 gxf3 24. Qxg6+ Kg8) (22.
gxh5 $5 {was also decisive} Nxh5 23. Kh2 Rf5 24. Rg1 Qc8 25. Rfg2 Qd8 26. Rg4
$18) 22... Rxf6 23. gxh5 Kh6 24. hxg6 Rxg6+ 25. Rg2 Rxg2+ 26. Kxg2 Rf7 27. Rg1
{Not only an extra pawn but I also have a positional advantage.} g6 (27... Rf5
28. f4 Qb7 29. Kf3 Qf7 30. Rg5 $18) 28. Kh1 Rf6 29. h5 $1 1-0

[Event "Ter Apel"]
[Site "Ter Apel"]
[Date "1997.03.17"]
[Round "1"]
[White "Andersson, Ulf"]
[Black "Huebner, Robert"]
[Result "1-0"]
[WhiteElo "2655"]
[BlackElo "2600"]
[Annotator "Hecht,H"]
[PlyCount "121"]
[EventDate "1997.03.17"]
[EventType "tourn"]
[EventRounds "5"]
[EventCountry "NED"]
[EventCategory "16"]
[SourceTitle "CBM 058"]
[Source "ChessBase"]
[SourceDate "1997.06.01"]
[SourceVersion "1"]
[SourceVersionDate "1997.06.01"]
[SourceQuality "1"]

1. d4 d5 2. Nf3 c6 3. c4 Nf6 4. cxd5 cxd5 5. Nc3 Nc6 6. Bf4 Bf5 7. e3 e6 8. Qb3
Bb4 9. Bb5 Qa5 10. O-O O-O $4 {Huebner} (10... Nd7 $142 $11) 11. Bxc6 bxc6 12.
Bc7 Qxc7 13. Qxb4 Rab8 14. Qa3 Nd7 15. Rfc1 c5 16. dxc5 Qxc5 17. Qxc5 Nxc5 18.
Nxd5 Nd3 19. Ne7+ Kh8 20. Rc3 Nxb2 21. Ne5 Ra8 22. Nxf5 exf5 23. Rb1 Na4 24.
Rc7 f6 25. Nf7+ Kg8 26. Nd6 Rfb8 27. Rxb8+ Rxb8 28. g3 g6 29. Rxa7 Nc3 30. Ra3
Rb1+ 31. Kg2 Rc1 32. Ra8+ Kg7 33. Ra7+ Kh6 34. Nf7+ Kh5 35. Nd6 Kh6 36. h3 Ne4
37. Nxe4 fxe4 38. g4 g5 39. a4 Ra1 40. a5 Ra2 41. a6 Kg6 42. Ra8 Ra1 43. a7 Kg7
44. Kg3 Rg1+ 45. Kh2 Ra1 46. Kg2 h6 47. Kh2 Kh7 48. Rf8 Rxa7 49. Rxf6 Kg7 50.
Re6 Ra4 51. Kg3 Rb4 52. h4 gxh4+ 53. Kxh4 Ra4 54. Kg3 Rb4 55. Re5 Kg6 56. Rf5
Rb8 57. Kf4 Re8 58. Re5 Rxe5 59. Kxe5 {[#] Die verbundenen Freiabauern
gewinnen nicht automatisch gegen den Einzelfreibauer, weil der noch seinen
König als Helfer hat. Thema: Lenkung des schwarzen Königs auf ungünstige Felder
} Kg5 60. Kxe4 Kxg4 61. Kd3 {[%cal Yd3e2,Ye2f1,Yf1g1]} (61. Kd3 {Es ist eine
gute Schulung, selbst die einfachsten Dinge möglichst genau und umfassend
nachzuvollziehen!} Kf3 (61... h5 62. Ke2 Kh3 63. e4 (63. Kf3 $2 h4 64. e4 Kh2
65. e5 h3 66. e6 Kg1 67. e7 h2 68. e8=Q h1=Q+ 69. Ke2 Qg2 $11) (63. Kf1 Kh2 64.
e4 h4 65. e5 h3 66. e6 Kh1 67. e7 h2 68. Ke2 Kg1 69. e8=Q h1=Q 70. Qg6+ Kh2 71.
Qg3#) 63... Kg2 64. e5 h4 65. e6 h3 66. e7 h2 67. e8=Q h1=Q 68. Qe4+ $18) 62.
e4 {[%cal Ye4e8,Re8a8]} h5 (62... Kf4 63. f3 h5 64. Ke2 $18) 63. e5 h4 64. e6
h3 65. e7 h2 66. e8=Q Kxf2 67. Qh5 Kg2 68. Ke2 h1=Q 69. Qg4+ Kh2 70. Kf2 Qf3+
71. Kxf3 $18) 1-0

[Event "Interzonal-16"]
[Site "Biel"]
[Date "1993.??.??"]
[Round "3"]
[White "Lautier, Joel"]
[Black "Bareev, Evgeny"]
[Result "1/2-1/2"]
[WhiteElo "2620"]
[BlackElo "2660"]
[Annotator "Hertneck,G"]
[PlyCount "37"]
[EventDate "1993.07.16"]
[EventType "swiss"]
[EventRounds "13"]
[EventCountry "SUI"]
[SourceTitle "CBM 037"]
[Source "ChessBase"]
[SourceDate "1993.12.01"]
[SourceVersion "1"]
[SourceVersionDate "1993.12.01"]
[SourceQuality "1"]

1. d4 d5 2. c4 c6 3. Nf3 Nf6 4. cxd5 cxd5 5. Nc3 Nc6 6. Bf4 Bf5 7. e3 e6 8. Ne5
Nxe5 9. Bxe5 Nd7 10. Qb3 Nxe5 11. dxe5 Be7 12. Bb5+ (12. Qxb7 $6 O-O $44) 12...
Kf8 13. O-O g5 14. Rac1 Kg7 15. Be2 (15. Rfd1 Qb8 16. e4 dxe4 17. Rd7 Bd8 18.
Nxe4 Bxe4 19. Qxe6 Rf8 $17) 15... Qb6 16. Nb5 Rhc8 17. Rc3 Bg6 $1 $146 (17...
Bc5 18. Rfc1 Rc6 19. Nd6 Bxd6 20. Rxc6 bxc6 21. exd6 Qxb3 22. axb3 $16 {
Hansen,Cu-Lautier,J/Biel/1992}) 18. Rfc1 Rc6 $10 19. Nd4 (19. Nd4 Qxb3 20. axb3
Rxc3 21. Rxc3 Bd8) 1/2-1/2

[Event "Biel"]
[Site "Biel"]
[Date "1992.??.??"]
[Round "12"]
[White "Hansen, Curt"]
[Black "Lautier, Joel"]
[Result "1/2-1/2"]
[WhiteElo "2635"]
[BlackElo "2580"]
[Annotator "Hertneck,G"]
[PlyCount "55"]
[EventDate "1992.07.??"]
[EventType "tourn"]
[EventRounds "14"]
[EventCountry "SUI"]
[EventCategory "16"]
[SourceTitle "CBM 031"]
[Source "ChessBase"]
[SourceDate "1992.12.01"]
[SourceVersion "1"]
[SourceVersionDate "1992.12.01"]
[SourceQuality "1"]

1. Nf3 Nf6 2. c4 c6 3. Nc3 d5 4. cxd5 cxd5 5. d4 Nc6 6. Bf4 Bf5 7. e3 e6 8. Ne5
Nxe5 9. Bxe5 Nd7 10. Qb3 $1 (10. Bb5 a6 11. Bxd7+ Qxd7 12. O-O f6 13. Bg3 Rc8
14. Rc1 {1/4 Chekhov-Tukmakov, Riga 1988}) (10. Bg3 a6 (10... Be7) 11. Bd3 Bxd3
12. Qxd3 Be7 13. O-O O-O 14. Rfc1 Rc8 $10 {Spraggett-Yusupov, Montpellier 1985}
) 10... Nxe5 11. dxe5 Be7 12. Bb5+ (12. Qxb7 $2 O-O $44) 12... Kf8 13. O-O g5
14. Rac1 (14. Be2 Qc7 15. g4 Bg6 16. f4 $40 {Tseitlin,Mih-Vul, SU 1982 (ECO)})
(14. Rad1 Qc7 (14... Qb6 $142) 15. Bd3 {ECO}) 14... Kg7 15. Be2 {N} (15. Rfd1
Qb8 $5 16. e4 dxe4 17. Rd7 Bd8 (17... Re8) 18. Nxe4 Qxe5 $2 (18... Bxe4 19.
Qxe6 Rf8 $17) 19. Nd6 Bg6 20. Bd3 $1 $40 {Huss-Ratti, Lugano 1987}) 15... Qb6
16. Nb5 Rhc8 17. Rc3 Bc5 $2 (17... Rc6 $2 18. Nd4 Qxb3 19. Rxb3 $16) (17...
Rxc3 $1 18. Qxc3 Qc5 19. Qxc5 Bxc5 20. Rc1 b6 $13) 18. Rfc1 Rc6 19. Nd6 $1 Bxd6
(19... Qxb3 20. axb3 Bxd6 21. Rxc6 Bxe5 22. Rc8 $16) 20. Rxc6 bxc6 (20... Qxb3
21. axb3 Bxe5 22. Rc8 $16) 21. exd6 Qxb3 (21... e5 22. Qc3) 22. axb3 Rd8 23.
Rxc6 $14 {>< b3, b4} e5 24. b4 Kf6 25. g4 Bd7 26. Ra6 Rb8 27. h4 Rxb4 28. hxg5+
1/2-1/2